A quiet revolution (Record no. 78309)

MARC details
000 -LEADER
fixed length control field 00857cab a2200229 4500
001 - CONTROL NUMBER
control field L136479
008 - FIXED-LENGTH DATA ELEMENTS--GENERAL INFORMATION
fixed length control field 070202n2007 000 0 eng u
035 ## - SYSTEM CONTROL NUMBER
System control number (Sirsi) u136479
041 0# - LANGUAGE CODE
Language code of text/sound track or separate title eng
100 1# - MAIN ENTRY--PERSONAL NAME
Personal name Priestley, Robin
245 02 - TITLE STATEMENT
Title A quiet revolution
260 ## - PUBLICATION, DISTRIBUTION, ETC.
Date of publication, distribution, etc. 2007
490 00 - SERIES STATEMENT
Series statement Journal of the Law Society of Scotland
Volume/sequential designation 52(1) January 2007, 12-13(2)
520 ## - SUMMARY, ETC.
Summary, etc. Looks at the process of reform initiated by the passing of the Planning Etc (Scotland) Act 2006 arguing that much will depend on regulations, national policies and the resources to support the new system.
590 ## - LOCAL NOTE (RLIN)
Local note KA
650 24 - SUBJECT ADDED ENTRY--TOPICAL TERM
Topical term or geographic name entry element PLANNING ETC. (SCOTLAND) ACT 2006
650 24 - SUBJECT ADDED ENTRY--TOPICAL TERM
Topical term or geographic name entry element PLANNING GAIN SUPPLEMENT
651 #4 - SUBJECT ADDED ENTRY--GEOGRAPHIC NAME
Geographic name Scotland
Chronological subdivision 1999-
690 ## - LOCAL SUBJECT ADDED ENTRY--TOPICAL TERM (OCLC, RLIN)
Topical term or geographic name as entry element ENVIRONMENTAL AND LAND CONSULTANCY-PLANNING AND DEVELOPMENT-PLANNING REFORM
700 1# - ADDED ENTRY--PERSONAL NAME
Personal name Mackay, Jason
942 ## - ADDED ENTRY ELEMENTS (KOHA)
Suppress in OPAC 0
Holdings
Withdrawn status Lost status Source of classification or shelving scheme Damaged status Not for loan Home library Current library Shelving location Date acquired Total Checkouts Full call number Barcode Date last seen Copy number Price effective from Koha item type
    Dewey Decimal Classification     London London Journal article 02/02/2007   L136479 136479-1001 06/08/2019 1 06/08/2019 Journal article